F animals - Statistics

General Stats
  • This quiz has been taken 61 times
  • The average score is 9 of 13
Answer Stats
Picture Answer % Correct
Fox
100%
Fly
98%
Frog
98%
Flamingo
96%
Falcon
90%
Fish
85%
Ferret
73%
Flying Squirrel
69%
French bulldog
62%
Firefly
48%
Finch
44%
Fox terrier
35%
Fossa
23%
No matching quizzes found
Score Distribution
Percent of People with Each Score
Percentile by Number Answered
Your Score History
You have not taken this quiz